Quale missione per la coppia cristiana oggi? (Record n. 206422)

Dettagli MARC
000 -LEADER
campo di controllo lung. fissa 00803npc a2200217Ia 4500
001 - Numero di controllo
campo di controllo dp5/7-1570 [d000001609]
003 - Identificatore del numero di controllo
campo di controllo IT-MiCISF
005 - Data e orario dell'ultima transazione
campo di controllo 20250701142123.0
008 - Elementi di lunghezza fissa--Informazione generale
campo di controllo lung. fissa 161014s9999||||xx | und||
040 ## - Fonte della catalogazione
Agenzia catalografica originale IT-MiCISF
Agenzia che fa la trascrizione IT-MiCISF
041 ## - Codice di lingua
Codice di lingua del testo/traccia sonora o titolo separato it
100 ## - Accesso principale -- nome di persona
Nome di persona Campanini Giorgio, Bonte-Dehaene Thérese e Jacques, Olivier Bernard
9 (RLIN) 62355
245 #0 - Formulazione del titolo
Titolo Quale missione per la coppia cristiana oggi?
Complemento del titolo 27° Congresso internazionale dei Centri di preparazione al matrimonio, Siena, 20-23 maggio 1993
260 ## - Pubblicazione, distribuzione, ecc. (stampa)
Nome dell'editore, distributore, ecc. Federazione internazionale dei centri di preparazione al matrimonio,
Data di pubblicazione, distribuzione, ecc. 1993
300 ## - Descrizione fisica
Estensione pp. 53
500 ## - Nota generale
Nota generale matrimonio-sacramento, società, ministero-coniugale, fedeltà, solidarietà
650 ## - Accesso aggiunto di soggetto--termine topico
Termine topico o nome geografico come accesso matrimonio
654 ## - Accesso aggiunto di soggetto--termini topici faccettati
Termine principale atti
942 ## - Dati aggiuntivi (Koha)
Tipo copia default (Koha) DOCUMENTI
Fonte della classificazione o dello schema di collocazione (segnatura) Dewey Decimal Classification
999 ## - Sys Number locale (Koha)
Koha Dewey Subclass [OBSOLETE] si
Dati di copia
Ritirato (status) Perso (status) Fonte della classificazione o dello schema di collocazione (segnatura) Danneggiato (status) Non per il presito Biblioteca proprietaria Biblioteca in cui si trova Data d'acquisizione Totale prestiti Collocazione Data ultima operazione Prezzo in vigore dal Tipo copia default (Koha) Nota pubblica
    Dewey Decimal Classification Buone Condizioni Not For Loan CISF - Milano CISF - Milano 14/10/2016   dp5/4-1570 [d000001609] 14/10/2016 14/10/2016 DOCUMENTI Data import 15.10.2016 / by Epidotti, Vaglietti
CREDITS: SOCIETA' SAN PAOLO Via A.Severo, 58 - ROMA (RM) & PERIODICI SAN PAOLO SRL Via Giotto, 36 MILANO & CISF Via Giotto, 36 MILANO & EDIZIONI SAN PAOLO SRL,  Piazza Soncino, 5 CINISELLO BALSAMO (MI) -- ITALY